000 00334 a2200109 4500
001 ART_30609
005 20260410162002.0
008 260409a
245 1 0 _aSimulación estadística de sistemas previsionales
100 1 _aDieulefait, Enrique
773 0 _tForo económico
_g- Año II, Nº 3 (nov. 1996)
_wREV30369
999 _c31413
_d31413